Southville International School and Colleges
Your cart is empty.
  • Cart
  • Lists
    Public lists Eva Luna New books Lux_list list_1
    Your lists Log in to create your own lists
  • Log in to your account
  • Your cookies
  • Search history
Southville International School and Colleges
  • Advanced search
  • Recent comments
  • Most popular
  • Libraries

Log in to your account

Log in with GOOGLE


If you do not have an external account, but do have a local account, you can still log in:

  1. Home
  2. MARC view: Socio--anthro :
Normal view MARC view ISBD view

Socio--anthro : (Record no. 2862)

[ view plain ]
MARC details
000 -LEADER
fixed length control field 00684nam a22002177a 4500
003 - CONTROL NUMBER IDENTIFIER
control field OSt
005 - DATE AND TIME OF LATEST TRANSACTION
control field 20150826140639.0
008 - FIXED-LENGTH DATA ELEMENTS--GENERAL INFORMATION
fixed length control field 130422t xxu||||| |||| 00| 0 eng d
020 ## - INTERNATIONAL STANDARD BOOK NUMBER
International Standard Book Number 9717250170
050 ## - LIBRARY OF CONGRESS CALL NUMBER
Classification number H 62
Item number .M297 1997
082 ## - DEWEY DECIMAL CLASSIFICATION NUMBER
Classification number FIL 301
Item number M32 1997
100 ## - MAIN ENTRY--PERSONAL NAME
Personal name Maquiso, Teresita R.
245 ## - TITLE STATEMENT
Title Socio--anthro :
Remainder of title an introduction to the social sciences /
Statement of responsibility, etc Teresite R. Maquiso.
260 ## - PUBLICATION, DISTRIBUTION, ETC. (IMPRINT)
Place of publication, distribution, etc Makati City :
Name of publisher, distributor, etc Grandwater Publications and Research Corporation,
Date of publication, distribution, etc 1997
300 ## - PHYSICAL DESCRIPTION
Extent xvii, 291 pages :
Other physical details illustrations ;
Dimensions 28 cm.
500 ## - GENERAL NOTE
General note Includes bibliographical references.
526 ## - STUDY PROGRAM INFORMATION NOTE
Reading level 1210L-1700L
562 ## - COPY AND VERSION IDENTIFICATION NOTE
Number of copies 1
942 ## - ADDED ENTRY ELEMENTS (KOHA)
Source of classification or shelving scheme Library of Congress Classification
Koha item type Books
Call number prefix Filipininana
Holdings
Withdrawn status Lost status Source of classification or shelving scheme Damaged status Home library Current library Shelving location Date acquired Total Checkouts Full call number Barcode Date last seen Copy number Price effective from Koha item type Source of acquisition Sub Shelving location
    Library of Congress Classification   College Library College Library Filipiniana Section 04/22/2013   H 62 .M297 1997 c4167 05/08/2018 1 04/22/2013 Books    
    Library of Congress Classification   College Library College Library Filipiniana Section 08/26/2015   H 62 .M297 1997 C19811 05/08/2018   08/26/2015 Books Donation  

Socio--anthro :

APA

Maquiso T. R., . (1997). Socio--anthro. Makati City: Grandwater Publications and Research Corporation.

Chicago

Maquiso Teresita R, . 1997. Socio--anthro. Makati City: Grandwater Publications and Research Corporation.

Harvard

Maquiso T. R., . (1997). Socio--anthro. Makati City: Grandwater Publications and Research Corporation.

MLA

Maquiso Teresita R, . Socio--anthro. Makati City: Grandwater Publications and Research Corporation. 1997.

  • Place hold
  • Print
  • Cite
  • Add to your cart (remove)
  • Save record
    BIBTEX Dublin Core MARCXML MARC (non-Unicode/MARC-8) MARC (Unicode/UTF-8) MARC (Unicode/UTF-8, Standard) MODS (XML) RIS
  • More searches
    Search for this title in:
    Other Libraries (WorldCat) Other Databases (Google Scholar) Online Stores (Bookfinder.com) Open Library (openlibrary.org)

Exporting to Dublin Core...

SOUTHVILLE LIBRARY

Southville International School and Colleges Library

1281 Tropical Ave. Cor. Luxembourg St., BF Homes International, Las Pinas City

Tel. No. 8256374 / 252358 Loc. 117/146

Powered by Koha